<?xml version="1.0" encoding="UTF-8"?>
<record
    xmlns:xsi="http://www.w3.org/2001/XMLSchema-instance"
    xsi:schemaLocation="http://www.loc.gov/MARC21/slim http://www.loc.gov/standards/marcxml/schema/MARC21slim.xsd"
    xmlns="http://www.loc.gov/MARC21/slim">

  <leader>01335    a2200181   4500</leader>
  <controlfield tag="001">139429</controlfield>
  <datafield tag="040" ind1=" " ind2=" ">
    <subfield code="c">Leonardo Da Vinci</subfield>
  </datafield>
  <datafield tag="041" ind1=" " ind2=" ">
    <subfield code="a">Portugu&#xEA;s</subfield>
  </datafield>
  <datafield tag="082" ind1=" " ind2=" ">
    <subfield code="a">530 B699fb</subfield>
    <subfield code="b">B699fb</subfield>
  </datafield>
  <datafield tag="100" ind1=" " ind2=" ">
    <subfield code="a">BONJORNO, Regina F. S. Azenha</subfield>
    <subfield code="a">BONJORNO, Jos&#xE9; Roberto</subfield>
    <subfield code="a">BONJORNO, Valter</subfield>
  </datafield>
  <datafield tag="245" ind1=" " ind2=" ">
    <subfield code="a">F&#xED;sica</subfield>
    <subfield code="b">cinem&#xE1;tica; cinem&#xE1;tica vetorial; din&#xE2;mica; gravita&#xE7;&#xE3;o universal;
est&#xE1;tica; mec&#xE2;nica dos fluidos</subfield>
  </datafield>
  <datafield tag="250" ind1=" " ind2=" ">
    <subfield code="a">v.1</subfield>
  </datafield>
  <datafield tag="260" ind1=" " ind2=" ">
    <subfield code="b">FTD</subfield>
    <subfield code="c">1985</subfield>
    <subfield code="a">S&#xE3;o Paulo</subfield>
  </datafield>
  <datafield tag="300" ind1=" " ind2=" ">
    <subfield code="a">320</subfield>
  </datafield>
  <datafield tag="362" ind1=" " ind2=" ">
    <subfield code="a">19850000</subfield>
  </datafield>
  <datafield tag="697" ind1=" " ind2=" ">
    <subfield code="a">F&#xED;sica</subfield>
    <subfield code="a">Pot&#xEA;ncia de dez</subfield>
    <subfield code="a">Cinem&#xE1;tica</subfield>
    <subfield code="a">Repouso</subfield>
    <subfield code="a">Movimento</subfield>
    <subfield code="a">Velocidade</subfield>
    <subfield code="a">Acelera&#xE7;&#xE3;o</subfield>
    <subfield code="a">Movimento uniforme</subfield>
    <subfield code="a">Movimento uniformemente variado - MUV</subfield>
    <subfield code="a">Equa&#xE7;&#xE3;o de Torricelli</subfield>
    <subfield code="a">Gr&#xE1;ficos</subfield>
    <subfield code="a">Diagramas</subfield>
    <subfield code="a">Queda dos corpos</subfield>
    <subfield code="a">Vetores</subfield>
    <subfield code="a">Movimentos circulares</subfield>
    <subfield code="a">Din&#xE2;mica</subfield>
    <subfield code="a">In&#xE9;rcia</subfield>
    <subfield code="a">For&#xE7;a</subfield>
    <subfield code="a">Dinam&#xF4;metros</subfield>
    <subfield code="a">Leis de Newton</subfield>
    <subfield code="a">Lei de Hooke</subfield>
    <subfield code="a">Atrito</subfield>
    <subfield code="a">For&#xE7;a</subfield>
    <subfield code="a">Movimento circular</subfield>
    <subfield code="a">Trabalho</subfield>
    <subfield code="a">Pot&#xEA;ncia</subfield>
    <subfield code="a">Energia</subfield>
    <subfield code="a">Impulsos</subfield>
    <subfield code="a">Movimentos</subfield>
    <subfield code="a">Choque</subfield>
    <subfield code="a">Gravita&#xE7;&#xE3;o Universal</subfield>
    <subfield code="a">Lei de Kepler</subfield>
    <subfield code="a">Velocidade de escape</subfield>
    <subfield code="a">Leis de gravita&#xE7;&#xE3;o</subfield>
    <subfield code="a">Est&#xE1;tica</subfield>
    <subfield code="a">Teorema de Varignon</subfield>
    <subfield code="a">Equil&#xED;brio do corpo</subfield>
    <subfield code="a">M&#xE1;quinas simples</subfield>
    <subfield code="a">Talha exponencial</subfield>
    <subfield code="a">Alavanca</subfield>
    <subfield code="a">Mec&#xE2;nica dos flu&#xED;dos</subfield>
    <subfield code="a">Densidade</subfield>
    <subfield code="a">Press&#xE3;o</subfield>
    <subfield code="a">Teorema de Stevin</subfield>
    <subfield code="a">Teorema de Pascal</subfield>
    <subfield code="a">Experi&#xEA;ncia de Torricelli</subfield>
    <subfield code="a">Prensa hidr&#xE1;ulica</subfield>
    <subfield code="a">Empuxo</subfield>
    <subfield code="a">Teorema de Arquimedes</subfield>
    <subfield code="a">Corpos imersos</subfield>
    <subfield code="a">Corpos flutuantes</subfield>
    <subfield code="a">Ensino M&#xE9;dio</subfield>
  </datafield>
  <datafield tag="942" ind1=" " ind2=" ">
    <subfield code="c">BK</subfield>
  </datafield>
  <datafield tag="952" ind1=" " ind2=" ">
    <subfield code="0">0</subfield>
    <subfield code="1">0</subfield>
    <subfield code="4">0</subfield>
    <subfield code="7">0</subfield>
    <subfield code="a">71.1</subfield>
    <subfield code="b">71.1</subfield>
    <subfield code="d">2024-03-27</subfield>
    <subfield code="l">0</subfield>
    <subfield code="o">530 B699fb</subfield>
    <subfield code="p">O002406</subfield>
    <subfield code="r">2024-03-27 22:44:24</subfield>
    <subfield code="w">2024-03-27</subfield>
    <subfield code="y">BK</subfield>
  </datafield>
  <datafield tag="952" ind1=" " ind2=" ">
    <subfield code="0">0</subfield>
    <subfield code="1">0</subfield>
    <subfield code="4">0</subfield>
    <subfield code="7">0</subfield>
    <subfield code="a">71.1</subfield>
    <subfield code="b">71.1</subfield>
    <subfield code="d">2024-03-27</subfield>
    <subfield code="l">0</subfield>
    <subfield code="o">530 B699fb</subfield>
    <subfield code="p">O002409</subfield>
    <subfield code="r">2024-03-27 22:44:24</subfield>
    <subfield code="w">2024-03-27</subfield>
    <subfield code="y">BK</subfield>
  </datafield>
  <datafield tag="999" ind1=" " ind2=" ">
    <subfield code="c">139429</subfield>
    <subfield code="d">139429</subfield>
  </datafield>
</record>
